<?xml version="1.0" encoding="UTF-8"?>
<collection xmlns="http://www.loc.gov/MARC21/slim">
 <record>
  <leader>00450pamaa2200145   4500</leader>
  <controlfield tag="001">0000014449</controlfield>
  <controlfield tag="005">20060627090000.0</controlfield>
  <datafield tag="020" ind1="0" ind2="0">
   <subfield code="a">0070360227 </subfield>
  </datafield>
  <datafield tag="082" ind1=" " ind2=" ">
   <subfield code="a">620.0076 KUR 1997</subfield>
  </datafield>
  <datafield tag="090" ind1="0" ind2="0">
   <subfield code="a">TA159 </subfield>
   <subfield code="b">KUR 1997</subfield>
  </datafield>
  <datafield tag="100" ind1="1" ind2="0">
   <subfield code="a">KURTZ </subfield>
  </datafield>
  <datafield tag="245" ind1="1" ind2="0">
   <subfield code="a">Mathematics for the fundamentals of engineering (EIT) examination  </subfield>
   <subfield code="c">Max Kurtz.</subfield>
  </datafield>
  <datafield tag="260" ind1="0" ind2="0">
   <subfield code="a">New York: </subfield>
   <subfield code="b">McGraw Hill, </subfield>
   <subfield code="c">1997.</subfield>
  </datafield>
  <datafield tag="300" ind1=" " ind2=" ">
   <subfield code="a">xviii, 247p.: </subfield>
   <subfield code="b">29cm.</subfield>
  </datafield>
  <datafield tag="650" ind1="0" ind2="0">
   <subfield code="a">Engineering mathematics -- </subfield>
   <subfield code="x">Problems, exercises, etc </subfield>
  </datafield>
 </record>
</collection>
